Fnaf Security Breach Quiz - Statistics

General Stats
  • This quiz has been taken 400 times
  • The average score is 14 of 23
Answer Stats
Hint Answer % Correct
Who Do You Play As? Gregory
97%
Who Is The Night Guard Looking For You? Vanessa
89%
Who Destroyed Glamrock Bonnie? Monty
88%
Who Is Vanessa's Alter Ego? Vanny
84%
When You Upgrade Your Security Badge, You Boop The Nose Of Whose Face? Freddy
79%
Who Is The Egotistical Animatronic? Roxy
79%
How Many Flags Do You Have To Capture In Fazer-Blast? 3
74%
Who Does The Above Hide In? Glamrock Freddy
70%
What Shape Are Monty's Glasses? Stars
70%
Who Do You Meet In The Daycare? Sun Drop
68%
Who Does The Above Turn Into When You Turn Off The Lights? Moon Drop
67%
What Is The Max Level Security Badge You Can Get? 8
61%
Other Than Pizza, What Does Glamrock Chica Love To Eat? Trash
57%
Who Is The First Enemy You Encounter? Glamrock Chica
56%
Scott Cawthon And _____ ____ Studios Made This Game. Steel Wool
55%
When You Get A Party Pass, You Can Either Go To Fazer-Blast Or ____ ___? Monty Golf
53%
When You Go To The Dance Area, Who, Or Should I Say What, Do You Meet? DJ Music Man
52%
"Welcome To Mazercise! Work Off The ________ While You Eat!" Calories
44%
What Does The Above Say When You Knock Over Buckets? CLEAN UP!
42%
When You Get Your Fazer-Blaster In The Prize Counter, What Color Is It? Gold
41%
What FNAF 6 Animatronic Gets It's Own Restaurant? El Chip
37%
When You Go To #4, What Item Do You Get? A Faz Camera
20%
When You Go Into Your First Vent, What's Waiting For You? Tiny Music Man
5%
No matching quizzes found
Score Distribution
Percent of People with Each Score
Percentile by Number Answered
Your Score History
You have not taken this quiz